| 000 | 00446nam a22001697a 4500 | ||
|---|---|---|---|
| 999 |
_c527039 _d527039 |
||
| 003 | NUST | ||
| 020 | _qH/B | ||
| 038 | _awaseem | ||
| 082 |
_a104 _bABD |
||
| 100 |
_aAbdul Hakeem, Khalifa _918109 |
||
| 245 |
_aDastan-e-Danish / _cKhalifa Abdul Hakeem |
||
| 260 |
_aLahore : _bAkram Press, _c2010. |
||
| 300 | _a256 p. ; | ||
| 880 |
_6100-01\r _aخلیفہ عبدالحکیم |
||
| 880 |
_6245-02\r _aداستانِ دانش / |
||
| 942 |
_2ddc _cBK |
||